39 European Countries + All 50 US States - Statistics

General Stats
  • This quiz has been taken 26 times
  • The average score is 73 of 89
Answer Stats
ANSWERS % Correct
Alabama
94%
California
94%
Indiana
94%
Iowa
94%
Kansas
94%
New Hampshire
94%
New York
94%
North Dakota
94%
South Dakota
94%
Utah
94%
Vermont
94%
Arkansas
88%
Colorado
88%
Connecticut
88%
Delaware
88%
Hawaii
88%
Illinois
88%
Maine
88%
Mississippi
88%
Missouri
88%
Nebraska
88%
New Jersey
88%
Ohio
88%
Pennsylvania
88%
Tennessee
88%
Virginia
88%
West Virginia
88%
Wisconsin
88%
Alaska
82%
Arizona
82%
Belgium
82%
Bulgaria
82%
Denmark
82%
Estonia
82%
Finland
82%
France
82%
Georgia
82%
Germany
82%
Idaho
82%
Kentucky
82%
Latvia
82%
Lithuania
82%
Maryland
82%
Massachusetts
82%
Michigan
82%
Netherlands
82%
North Carolina
82%
Norway
82%
Oregon
82%
Poland
82%
Portugal
82%
Rhode Island
82%
South Carolina
82%
Spain
82%
Sweden
82%
Texas
82%
United Kingdom
82%
Wyoming
82%
Albania
76%
Belarus
76%
Bosnia and Herzegovina
76%
Czechia
76%
Florida
76%
Georgia
76%
Hungary
76%
Ireland
76%
Italy
76%
Louisiana
76%
Minnesota
76%
Moldova
76%
Montana
76%
Nevada
76%
New Mexico
76%
Oklahoma
76%
Romania
76%
Russia
76%
Slovenia
76%
Switzerland
76%
Ukraine
76%
Washington
76%
Greece
71%
North Macedonia
71%
Serbia
71%
Slovakia
71%
Türkiye
71%
Austria
65%
Croatia
65%
Iceland
65%
Cyprus
59%
No matching quizzes found
Score Distribution
Percent of People with Each Score
Percentile by Number Answered
Your Score History
You have not taken this quiz